02641nam a2200277uu 4500001000800000005001700008007001000025008004100035035001200076040001300088041000800101100006200109245009200171260003500263300004100298520173300339650004002072650003502112700005102147700005302198856006002251942001302311999001902324502001202343526000802355155288220240129082354.0cr|||||||201121s2019 spa  a1552882 ccomduadb aspa10aCastaño Castañeda, Daniel Alejandro4auteaut980967810aComportamiento en las conexiones y apareamientos, de perfiles metálicos estructurales aMedellín :bAutor(a),c2019. aArchivo en Repositorio Institucional3 aRESUMEN : Con el fin de dar a conocer las labores que como practicante de ingeniería se realizan en la empresa Cyrgo SAS, se redactaron dos manuales de uso de software utilizado allí, y un manual de labores realizadas durante las prácticas académicas. Debido a que la labor de ingeniería de la empresa está relacionada con el pre-diseño de estructuras metálicas, se pretendió desarrollar algunos temas relacionados con las mismas. En relación con lo anterior, en este trabajo se da a conocer aspectos básicos de conexiones, y metodologías típicas y seguras que se utilizan en el medio de las estructuras en acero, en donde se encontró que las conexiones se clasifican básicamente de acuerdo a la capacidad de rotación de la viga, en donde, la conexión es simple si permite rotación, rígida si no permite rotación, y semi rígida si la rotación está ubicada entre los grados de rotación de las dos clasificaciones anteriores. La fabricación de conexiones se da mediante soldadura o pernos, en donde con el uso de placas, rigidizadores o ángulos, estas se adaptan a las condiciones que se le deseen dar según el diseño. Por último, se quiso analizar la viabilidad de uso de perfiles apareados, en diferentes modelos estructurales que generan cargas muy grandes y para las cuales los perfiles estructurales simples existentes en el mercado local no presentan las propiedades adecuadas. De este análisis se encontró que con la gama de los perfiles Wf existentes siempre se puede garantizar un reemplazo, en donde muchas veces la homologación representa economía, pero se encuentra una desventaja de pérdida de área, donde para el caso analizado fue de 0,02356 m2. 7aDiseño de estructuras2lemb92433 aEstructuras metálicas92149310aObando Fuertes , Juan Carlos4thseths978065510aMartínez Roldan, Juan Carlos4thseths98224724 uhttp://bibliotecadigital.udea.edu.co/handle/10495/15241 cTESISn0 c820647d820647 b170c17 a172